| 000 | 01170cam a2200325 i 4500 | ||
|---|---|---|---|
| 999 |
_c8046 _d8046 |
||
| 001 | 17072203 | ||
| 003 | GBCCL | ||
| 005 | 20241126110642.0 | ||
| 008 | 111206s2010 cou 000 0 eng | ||
| 010 | _a 2011275387 | ||
| 020 | _a9781606570111 (pbk.) | ||
| 040 |
_aDLC _beng _erda _cDLC _dDLC |
||
| 042 | _apcc | ||
| 050 | 0 | 0 |
_aBT695.5 _b.B74 2010 |
| 082 |
_a261.88 _bBRE |
||
| 100 | 1 |
_aBredin, Mark, _eauthor. _914035 |
|
| 245 | 1 | 4 |
_aThe ecology of the New Testament : _bcreation, re-creation, and the environment / _cMark Bredin. |
| 264 | 1 |
_aColorado Springs, CO : _bBiblica, _c2010. |
|
| 300 |
_axiv, 209 pages ; _c23 cm |
||
| 336 |
_atext _btxt _2rdacontent |
||
| 337 |
_aunmediated _bn _2rdamedia |
||
| 338 |
_avolume _bnc _2rdacarrier |
||
| 650 | 0 |
_aHuman ecology _xReligious aspects _xChristianity. _92620 |
|
| 650 | 0 |
_aHuman ecology in the Bible. _914036 |
|
| 650 | 0 |
_aEnvironmental ethics _xReligious aspects _xChristianity. _914037 |
|
| 650 | 0 |
_aEcology _xReligious aspects _xChristianity. _912130 |
|
| 906 |
_a7 _bcbc _corigres _d2 _encip _f20 _gy-gencatlg |
||
| 942 |
_2ddc _cBK _017 |
||